[Event "OLSW 1819 SK Landau - SVG Saarbrücken"]
[Site "?"]
[Date "2019.01.20"]
[Round "5.3"]
[White "Mohammad, Samir"]
[Black "Silber, Henning"]
[Result "1-0"]
[WhiteElo "2294"]
[BlackElo "2312"]
[PlyCount "205"]
[EventDate "2019.??.??"]

1. Nf3 d5 2. d4 e6 3. c4 c5 4. cxd5 exd5 5. Nc3 Nc6 6. g3 Nf6 7. Bg2 Be7 8. O-O
O-O 9. Bg5 cxd4 10. Nxd4 h6 11. Be3 Re8 12. Nxc6 bxc6 13. Na4 Bf8 14. Bc5 Bg4
15. Re1 Bxc5 16. Nxc5 Qb6 17. Na4 Qa5 18. f3 Bd7 19. Rc1 Rab8 20. b3 Qb4 21. e3
Qa3 22. Qd2 Rb4 23. Nc5 Bf5 24. Bf1 Nd7 25. Nxd7 Bxd7 26. e4 Rb6 27. exd5 Rxe1
28. Rxe1 Qc5+ 29. Qe3 Qxe3+ 30. Rxe3 cxd5 31. Rc3 Rc6 32. Rxc6 Bxc6 33. Kf2 Kf8
34. f4 Ke7 35. Ke3 Kd6 36. Kd4 f6 37. b4 Bd7 38. Bd3 Bc8 39. Be2 Bb7 40. Bb5
Bc8 41. a4 Bb7 42. a5 Bc8 43. Be8 Bg4 44. b5 Be2 45. a6 Kc7 46. Kxd5 Kb6 47.
Ke6 Bxb5 48. Bxb5 Kxb5 49. f5 Kxa6 50. Kf7 Kb5 51. Kxg7 a5 52. Kxf6 a4 53. Kg6
a3 54. f6 a2 55. f7 a1=Q 56. f8=Q Qh1 57. Qf5+ Ka4 58. Qc2+ Ka3 59. Kxh6 Qf3
60. Qc5+ Ka2 61. Kg5 Qg2 62. Qc4+ Kb2 63. Qb4+ Ka2 64. Qa5+ Kb1 65. Qf5+ Ka2
66. Qe6+ Kb1 67. Qb3+ Ka1 68. Qc3+ Ka2 69. h4 Qd5+ 70. Kf4 Qf7+ 71. Ke3 Qe6+
72. Kf2 Qh3 73. Qf3 Kb1 74. Qd3+ Kb2 75. Qe2+ Kc3 76. Qe1+ Kc2 77. Qe4+ Kd2 78.
Qf4+ Kc2 79. Qf3 Kb2 80. h5 Kc2 81. g4 Qh4+ 82. Kg2 Qe7 83. h6 Kd2 84. Qf4+ Ke2
85. g5 Qh7 86. Qg4+ Ke3 87. Qf3+ Kd4 88. Kg3 Ke5 89. Qf4+ Ke6 90. Qf6+ Kd5 91.
Kg4 Qe4+ 92. Kh5 Qe8+ 93. Kg4 Qe4+ 94. Qf4 Qg2+ 95. Kh5 Qh3+ 96. Kg6 Qe6+ 97.
Kg7 Kc5 98. Qf8+ Kb5 99. h7 Qd7+ 100. Qf7 Qd4+ 101. Kh6 Qd6+ 102. Qf6 Qh2+ 103.
Kg6 1-0

[Event "OLSW 1819 SK Landau - SVG Saarbrücken"]
[Site "?"]
[Date "2019.01.20"]
[Round "5.5"]
[White "Busche, Stefan"]
[Black "Bruch, Jochen"]
[Result "0-1"]
[WhiteElo "2070"]
[BlackElo "2191"]
[PlyCount "102"]
[EventDate "2019.??.??"]

1. e4 c5 2. Nf3 e6 3. d4 cxd4 4. Nxd4 Nf6 5. Nc3 d6 6. Be3 Be7 7. f3 a6 8. Qd2
Qc7 9. g4 Nc6 10. O-O-O b5 11. Kb1 b4 12. Nxc6 Qxc6 13. Ne2 Rb8 14. Nd4 Qc7 15.
h4 Nd7 16. g5 Bb7 17. Bd3 d5 18. b3 Nc5 19. e5 Rc8 20. f4 Nxd3 21. cxd3 g6 22.
Rc1 Qb8 23. Rxc8+ Qxc8 24. h5 Kd7 25. Rc1 Qb8 26. h6 Rc8 27. Ne2 Rc6 28. Rxc6
Bxc6 29. Qc2 Bb5 30. Nc1 a5 31. Bc5 Bd8 32. Bd6 Qb7 33. Kb2 Qa6 34. Bc5 Bc7 35.
Bf8 Bb6 36. Bc5 Qa7 37. d4 Bxc5 38. dxc5 Kc6 39. f5 gxf5 40. g6 fxg6 41. Qg2
Qxc5 42. Qg5 Qf8 43. Qf4 Qe7 44. Qd2 g5 45. Ne2 Bxe2 46. Qxe2 Qa7 47. Qd2 Qg1
48. a3 bxa3+ 49. Ka2 Qc5 50. Qxg5 Qc3 51. Qg2 Qb2+ 0-1

[Event "OLSW 1819 SK Landau - SVG Saarbrücken"]
[Site "?"]
[Date "2019.01.20"]
[Round "5.6"]
[White "Leuranguer, Yannick"]
[Black "Pernutz, Hans-Gerhard"]
[Result "1-0"]
[WhiteElo "2256"]
[BlackElo "2053"]
[PlyCount "45"]
[EventDate "2019.??.??"]

1. e4 c5 2. c3 d5 3. exd5 Qxd5 4. d4 e6 5. Nf3 Nf6 6. Bd3 cxd4 7. cxd4 Be7 8.
Nc3 Qd6 9. O-O O-O 10. Qe2 Nc6 11. Rd1 Nb4 12. Bb1 Nbd5 13. Ne5 Bd7 14. Rd3
Rfe8 15. Rh3 g6 16. Qf3 Nxc3 17. bxc3 Bc6 18. Qf4 Rf8 19. Qh6 Rfd8 20. Bf4 Bf8
21. Qh4 Qd5 22. Nxc6 bxc6 23. Qxf6 1-0

[Event "OLSW 1819 SK Landau - SVG Saarbrücken"]
[Site "?"]
[Date "2019.01.20"]
[Round "5.7"]
[White "Biehl, Tim"]
[Black "Bernhardt, Rolf"]
[Result "1-0"]
[WhiteElo "1974"]
[BlackElo "2237"]
[PlyCount "91"]
[EventDate "2019.??.??"]

1. e4 e5 2. Nc3 Nf6 3. f4 d5 4. fxe5 Nxe4 5. Nf3 Bc5 6. d4 Bb4 7. Bd2 c5 8.
Bb5+ Nc6 9. O-O Bxc3 10. bxc3 O-O 11. Bd3 Bg4 12. Qe1 Nxd2 13. Qxd2 c4 14. Be2
Ne7 15. Nh4 Be6 16. Qf4 b5 17. a4 Qa5 18. Ra3 bxa4 19. Rfa1 Bd7 20. Bg4 f5 21.
exf6 Rxf6 22. Qg3 Bc6 23. Re1 Raf8 24. h3 Qd8 25. Be6+ Kh8 26. Raa1 Ng6 27.
Nxg6+ Rxg6 28. Bg4 h5 29. Re6 Rxe6 30. Bxe6 Qf6 31. Qd6 Re8 32. Re1 Ba8 33. Re5
g6 34. Qd7 Rf8 35. Qxa4 Qf1+ 36. Kh2 Rf2 37. Qe8+ Rf8 38. Qxg6 Qf4+ 39. Qg3
Qxg3+ 40. Kxg3 h4+ 41. Kxh4 Rf2 42. Rg5 Rxc2 43. Rg8+ Kh7 44. Rxa8 Rxc3 45.
Bxd5 Rd3 46. Be4+ 1-0

[Event "OLSW 1819 Gambit Saarbrücken - SK Alten"]
[Site "?"]
[Date "2019.01.20"]
[Round "5.1"]
[White "Bruehl, Andreas"]
[Black "Pucher, Sebastien"]
[Result "1-0"]
[WhiteElo "2341"]
[BlackElo "2296"]
[PlyCount "97"]
[EventDate "2019.??.??"]

1. d4 d5 2. c4 e6 3. Nf3 Nf6 4. g3 dxc4 5. Bg2 Bb4+ 6. Bd2 c5 7. Bxb4 cxb4 8.
Ne5 O-O 9. Nxc4 Nc6 10. e3 e5 11. dxe5 Qxd1+ 12. Kxd1 Ng4 13. Bxc6 bxc6 14. Ke1
f6 15. f4 fxe5 16. h3 Ba6 17. hxg4 Bxc4 18. Nd2 Bb5 19. Kf2 Rad8 20. Rhd1 Rd3
21. Ne4 exf4 22. gxf4 Rfd8 23. Rxd3 Rxd3 24. Rc1 h6 25. f5 a5 26. Kf3 Kf8 27.
Kf4 Ke7 28. Rc5 Rd5 29. Rxd5 cxd5 30. Ng3 Bc4 31. a3 bxa3 32. bxa3 Bb3 33. Ke5
Bd1 34. Kxd5 Bxg4 35. Ke5 Kf7 36. Ne4 Bd1 37. Nd6+ Ke7 38. Nc4 a4 39. e4 Bb3
40. Ne3 Kf7 41. Kd6 Ke8 42. e5 Kd8 43. e6 h5 44. e7+ Ke8 45. f6 g6 46. Ng2 Bc4
47. Nf4 Bb5 48. Ne6 Kf7 49. Nc7 1-0

[Event "OLSW 1819 Gambit Saarbrücken - SK Alten"]
[Site "?"]
[Date "2019.01.20"]
[Round "5.2"]
[White "Micottis, Dorian"]
[Black "Weimann, Maximilian"]
[Result "1-0"]
[WhiteElo "2252"]
[BlackElo "2225"]
[PlyCount "99"]
[EventDate "2019.??.??"]

1. e4 c5 2. Nf3 e6 3. d4 cxd4 4. Nxd4 a6 5. c4 Nf6 6. Nc3 Bb4 7. Qd3 Nc6 8.
Nxc6 dxc6 9. Qxd8+ Kxd8 10. e5 Ne4 11. a3 Ba5 12. b4 Nxc3 13. bxa5 Na4 14. Bg5+
Ke8 15. Be3 c5 16. Rb1 Kd7 17. Bd3 Kc7 18. Bc2 Bd7 19. Bxa4 Bxa4 20. Bxc5 Rae8
21. Bd6+ Kc8 22. O-O h5 23. Rb6 Bc6 24. Rfb1 f6 25. Rxc6+ bxc6 26. Rb8+ Kd7 27.
Rb7+ Kd8 28. Rb8+ Kd7 29. Rb7+ Kd8 30. f4 fxe5 31. fxe5 Rhf8 32. Bxf8 Rxf8 33.
Rb8+ Ke7 34. Rb7+ Kd8 35. Rb6 Rf5 36. Rxc6 Rxe5 37. Rxa6 Rc5 38. Rxe6 Rxa5 39.
Rg6 Ra7 40. Rg5 Ke8 41. Rxh5 Rxa3 42. Rg5 Kf7 43. Kf2 Ra2+ 44. Ke3 Kf6 45. h4
Rc2 46. Kd4 Rc1 47. g3 Rd1+ 48. Kc5 Rd3 49. Kc6 Rc3 50. c5 1-0

[Event "OLSW 1819 Gambit Saarbrücken - SK Alten"]
[Site "?"]
[Date "2019.01.20"]
[Round "5.3"]
[White "Wagener, Claude"]
[Black "Muller, Etienne"]
[Result "0-1"]
[WhiteElo "2266"]
[BlackElo "2136"]
[PlyCount "86"]
[EventDate "2019.??.??"]

1. e4 c5 2. Nf3 d6 3. d4 cxd4 4. Nxd4 Nf6 5. Nc3 g6 6. Bc4 Bg7 7. O-O O-O 8.
Re1 Bd7 9. Bg5 Nc6 10. Nxc6 Bxc6 11. Qd2 Re8 12. Rad1 Rc8 13. Bb3 Qa5 14. Qf4
Qe5 15. Qh4 b5 16. Re3 b4 17. Nd5 Bxd5 18. exd5 Qxb2 19. Qxb4 Rxc2 20. Qe1 Rc7
21. Ba4 Rec8 22. Rxe7 Qxa2 23. Bc6 Rxe7 24. Qxe7 Ng4 25. Qd7 Qxf2+ 26. Kh1 Qf5
27. Qxf5 gxf5 28. Rb1 Bd4 29. h3 Ne5 30. Ba4 Kg7 31. Rf1 f6 32. Bh4 Rc4 33. Be8
Be3 34. g3 Rc1 35. Rxc1 Bxc1 36. Kg2 Bg5 37. Kf2 Bxh4 38. gxh4 f4 39. Ke2 a5
40. Kd2 Kf8 41. Bb5 Ke7 42. Kc3 Kd8 43. h5 h6 0-1

[Event "OLSW 1819 Gambit Saarbrücken - SK Alten"]
[Site "?"]
[Date "2019.01.20"]
[Round "5.5"]
[White "Kaster, Martin"]
[Black "Gross, Georg"]
[Result "1/2-1/2"]
[WhiteElo "2069"]
[BlackElo "2269"]
[PlyCount "131"]
[EventDate "2019.??.??"]

1. d4 Nc6 2. d5 Nb8 3. c4 e5 4. g3 Bc5 5. Nc3 Nf6 6. Nf3 d6 7. Bg2 O-O 8. O-O
Bf5 9. Ne1 a5 10. Nd3 Bd4 11. Nb5 Bb6 12. Bg5 Nbd7 13. e4 Bg6 14. Qe2 h6 15.
Be3 Bxe3 16. Qxe3 Ng4 17. Qe2 h5 18. h3 Nh6 19. f4 f5 20. fxe5 dxe5 21. Nc3 Qg5
22. Kh2 f4 23. gxf4 exf4 24. Qf2 Nf6 25. Bf3 Rae8 26. Rae1 Nf7 27. Qg2 Qh6 28.
Bd1 Nd6 29. Nxf4 Bxe4 30. Nxe4 Rxe4 31. Ne6 Rxe1 32. Rxe1 Re8 33. c5 Nf5 34.
Rg1 h4 35. Qg5 Qxg5 36. Rxg5 Ne3 37. Bb3 Nexd5 38. Nxc7 Re2+ 39. Kg1 a4 40.
Bxd5+ Nxd5 41. Nxd5 Rxb2 42. Nc3 a3 43. Rg2 Kf7 44. Rxb2 axb2 45. Kf2 Ke6 46.
Ke3 Ke5 47. a4 Ke6 48. Kd4 Kd7 49. Kd3 Kc6 50. Kc2 Kxc5 51. Kxb2 Kb4 52. Kc2
Kc4 53. Kd2 b6 54. Kc2 Kd4 55. Kb3 g5 56. Kb4 g4 57. hxg4 h3 58. Ne2+ Ke3 59.
Ng3 Kf4 60. Nh1 h2 61. g5 Kxg5 62. Kb5 Kf4 63. Kxb6 Kf3 64. a5 Kg2 65. a6 Kxh1
66. a7 1/2-1/2

[Event "OLSW 1819 Gambit Saarbrücken - SK Alten"]
[Site "?"]
[Date "2019.01.20"]
[Round "5.6"]
[White "Forthoffer, Patrick"]
[Black "Hoffmann, Thomas"]
[Result "0-1"]
[WhiteElo "2192"]
[BlackElo "2017"]
[PlyCount "64"]
[EventDate "2019.??.??"]

1. d4 Nf6 2. c4 d6 3. Nf3 g6 4. g3 Bg7 5. Bg2 O-O 6. O-O Nbd7 7. Nc3 c6 8. h3
e5 9. e4 exd4 10. Nxd4 Nb6 11. b3 d5 12. exd5 cxd5 13. c5 Ne4 14. Nxe4 dxe4 15.
Bb2 Nd7 16. Qc2 Qe7 17. Rac1 Bh6 18. c6 Bxc1 19. cxd7 Bxb2 20. dxc8=Q Raxc8 21.
Qxb2 Qe5 22. Re1 f5 23. f4 Qf6 24. Qf2 Rfd8 25. Nc2 Qb2 26. Re2 Qxa2 27. g4
Qxb3 28. gxf5 gxf5 29. Ne3 Qe6 30. Qh4 Qg6 31. Nc4 Rd1+ 32. Kh2 Rxc4 0-1

[Event "OLSW 1819 Gambit Saarbrücken - SK Alten"]
[Site "?"]
[Date "2019.01.20"]
[Round "5.7"]
[White "Giesler, Stephan"]
[Black "Vogel, Christian"]
[Result "1/2-1/2"]
[WhiteElo "2052"]
[BlackElo "2204"]
[PlyCount "100"]
[EventDate "2019.??.??"]

1. Nf3 Nf6 2. c4 e6 3. g3 b6 4. Bg2 Bb7 5. O-O Be7 6. d4 O-O 7. Nc3 Ne4 8. Qc2
Nxc3 9. Qxc3 Bf6 10. Rd1 c5 11. Be3 Qe7 12. Qa3 d6 13. dxc5 dxc5 14. Rd2 Nc6
15. Rad1 Rfd8 16. b3 Rxd2 17. Rxd2 e5 18. Bh3 Nd4 19. Bxd4 exd4 20. Bg2 a5 21.
Ne1 Bg5 22. Rc2 Bxg2 23. Kxg2 f5 24. Nd3 f4 25. g4 h5 26. gxh5 Rf8 27. f3 Bh4
28. Qc1 Qg5+ 29. Kh1 Qh6 30. Qf1 Rf5 31. Qh3 Rxh5 32. Kg2 Qg6+ 33. Kh1 Bg3 34.
Qc8+ Kh7 35. h3 Bh2 36. Qg4 Rg5 37. Kxh2 Rxg4 38. hxg4 Kh6 39. Kg2 Kg5 40. Rc1
Qe6 41. Rc2 Qe3 42. a4 Kf6 43. Kf1 g5 44. Kg2 Ke6 45. Ra2 Kd6 46. Rc2 Kc7 47.
Kf1 Qe7 48. Kg2 Qh7 49. Rc1 Qe7 50. Rc2 Qe3 1/2-1/2

[Event "OLSW 1819 Gambit Saarbrücken - SK Alten"]
[Site "?"]
[Date "2019.01.20"]
[Round "5.8"]
[White "Haenssel, Christian"]
[Black "Hahmann, Markus"]
[Result "1-0"]
[WhiteElo "2112"]
[BlackElo "1884"]
[PlyCount "111"]
[EventDate "2019.??.??"]

1. c4 Nf6 2. g3 d6 3. Bg2 e5 4. Nc3 g6 5. e4 Bg7 6. Nge2 O-O 7. h3 c6 8. O-O
Be6 9. b3 d5 10. exd5 cxd5 11. Ba3 Re8 12. d4 e4 13. Nb5 Qa5 14. Bd6 Na6 15.
Be5 Nd7 16. Bxg7 Kxg7 17. Nd6 Re7 18. Nf4 Nf6 19. Re1 Rd8 20. c5 Ne8 21. Nxe8+
Rexe8 22. f3 Nxc5 23. dxc5 Qxc5+ 24. Kh2 e3 25. Qc1 Qxc1 26. Raxc1 d4 27. Bf1
Bd7 28. Be2 Bc6 29. Nd3 h5 30. h4 a6 31. Rc5 f6 32. Rd1 Bxf3 33. Bxf3 e2 34.
Re1 Re3 35. Bxe2 Rde8 36. Nc1 d3 37. Nxd3 Rxe2+ 38. Rxe2 Rxe2+ 39. Kh3 Rxa2 40.
Rc7+ Kh6 41. Rxb7 a5 42. Nc5 Rc2 43. Rb5 g5 44. hxg5+ fxg5 45. Rb6+ Kh7 46. Ne4
g4+ 47. Kh4 Rh2+ 48. Kg5 Kg7 49. Rb7+ Kf8 50. Rb5 Re2 51. Nf6 h4 52. Kxh4 Ra2
53. Kxg4 a4 54. bxa4 Rxa4+ 55. Kf5 Ke7 56. Rb7+ 1-0

[Event "OLSW 1819 SK Frankenthal - SC Caissa Sc"]
[Site "?"]
[Date "2019.01.20"]
[Round "5.1"]
[White "Frischmann, Rick"]
[Black "Syrov, Arkadi"]
[Result "0-1"]
[WhiteElo "2321"]
[BlackElo "2290"]
[PlyCount "142"]
[EventDate "2019.??.??"]

1. e4 e5 2. f4 exf4 3. Nf3 g5 4. Nc3 Bg7 5. d4 d6 6. g3 g4 7. Nh4 f3 8. Be3 Ne7
9. Qd2 Nbc6 10. O-O-O d5 11. exd5 Nxd5 12. Bg5 f6 13. Bh6 O-O 14. Bc4 Nce7 15.
Nxd5 Nxd5 16. h3 Rf7 17. hxg4 Bxg4 18. Rdf1 Qd7 19. Nxf3 Bf5 20. Rh5 c6 21.
Bxg7 Kxg7 22. Qh6+ Kg8 23. Rh2 Be4 24. Rhf2 Raf8 25. Nh4 Qg4 26. Nf5 Bxf5 27.
Rxf5 Qxd4 28. Bxd5 cxd5 29. Rd1 Qa4 30. Kb1 Rc8 31. Qd2 Qe4 32. Rxd5 Re7 33. a3
Qe2 34. Rd8+ Rxd8 35. Qxd8+ Kg7 36. Rd3 Qe6 37. Qd4 a6 38. Rb3 Qe1+ 39. Ka2 Qe6
40. Kb1 Qe1+ 41. Ka2 Qe6 42. c4 Rd7 43. Qf4 b5 44. Rc3 a5 45. Rc2 a4 46. Rc1 h5
47. Ka1 bxc4 48. Qxc4 Qxc4 49. Rxc4 Rd3 50. Rh4 Kg6 51. g4 Kg5 52. Rxh5+ Kxg4
53. Ra5 Rd4 54. b4 axb3 55. Kb2 f5 56. Kxb3 f4 57. Kc3 f3 58. Kxd4 f2 59. Rb5
f1=Q 60. a4 Kf4 61. Kc5 Ke5 62. Kb6+ Kd6 63. Ka5 Qe1+ 64. Ka6 Qe2 65. Ka5 Qd2+
66. Ka6 Qd3 67. Ka5 Qd4 68. Rb6+ Kc5 69. Rb5+ Kc6 70. Rb3 Qa7+ 71. Kb4 Qc5# 0-1

[Event "OLSW 1819 SK Frankenthal - SC Caissa Sc"]
[Site "?"]
[Date "2019.01.20"]
[Round "5.2"]
[White "Fulea, Dan"]
[Black "Mueller, Reinhold"]
[Result "1/2-1/2"]
[WhiteElo "2204"]
[BlackElo "2305"]
[PlyCount "104"]
[EventDate "2019.??.??"]

1. e4 c5 2. c3 Nf6 3. e5 Nd5 4. d4 cxd4 5. cxd4 d6 6. Nf3 Nc6 7. Bc4 Nb6 8. Bb5
dxe5 9. Nxe5 Bd7 10. Bxc6 Bxc6 11. O-O Rc8 12. Nc3 e6 13. Be3 Be7 14. Qb3 O-O
15. Rfd1 Bd5 16. Nxd5 Qxd5 17. Qxd5 Nxd5 18. Rac1 Rfd8 19. Rxc8 Rxc8 20. Rc1
Rxc1+ 21. Bxc1 Bf6 22. Bd2 Kf8 23. Kf1 Ke7 24. Ke2 Bxe5 25. dxe5 Kd7 26. Kd3
Kc6 27. Kd4 Kb5 28. g4 Ne7 29. f4 Nc6+ 30. Ke4 Kc4 31. b3+ Kc5 32. a3 a5 33. h4
a4 34. bxa4 Kc4 35. Be3 Ne7 36. h5 Nd5 37. Bd2 Kb3 38. a5 Kc4 39. f5 g6 40.
hxg6 hxg6 41. Be1 gxf5+ 42. gxf5 Ne7 43. fxe6 fxe6 44. Bf2 Nc6 45. Bb6 Kb3 46.
Kf4 Kxa3 47. Bc7 Kb4 48. Kg5 Kc5 49. Kg6 Kd5 50. Kf6 Nb4 51. Ke7 Nc6+ 52. Kd7
Nxa5 1/2-1/2

[Event "OLSW 1819 SK Frankenthal - SC Caissa Sc"]
[Site "?"]
[Date "2019.01.20"]
[Round "5.3"]
[White "Wild, Achim"]
[Black "Geyer, Bernhard"]
[Result "1-0"]
[WhiteElo "2269"]
[BlackElo "2174"]
[PlyCount "161"]
[EventDate "2019.??.??"]

1. Nf3 d5 2. e3 g6 3. c4 e6 4. Nc3 Bg7 5. d4 Nf6 6. Be2 O-O 7. O-O Nbd7 8. Qc2
c6 9. a4 b6 10. a5 Rb8 11. a6 dxc4 12. Bxc4 b5 13. Be2 Rb6 14. e4 Nb8 15. Bg5
h6 16. Bh4 Qe8 17. Rfe1 Rxa6 18. Rad1 Rb6 19. Bg3 Qd8 20. b4 a6 21. h4 Qe7 22.
Qb3 Kh7 23. Ne5 Nbd7 24. Nd3 Ne8 25. e5 Nc7 26. h5 g5 27. Rd2 Nd5 28. Nxd5 cxd5
29. Rc2 Bb7 30. Rec1 Ra8 31. Rc7 Qd8 32. Qc2 Kg8 33. f4 a5 34. bxa5 Rxa5 35.
fxg5 hxg5 36. Qd2 Ra8 37. Kh2 Rc8 38. Rxc8 Bxc8 39. Be1 Rb8 40. Nb4 Bb7 41. Qe3
Ba8 42. Bd2 Bh6 43. Qg3 Nf8 44. Rf1 Nh7 45. Bd3 Qe7 46. Bb1 Kg7 47. Qf2 Rf8 48.
Nd3 Rh8 49. Bb4 Qa7 50. Qf3 Bc6 51. Rf2 Be8 52. Bc5 Qa1 53. Qd1 Qa4 54. Bc2 Qa5
55. Nb4 Qd8 56. Qg4 Qd7 57. Qf3 Qd8 58. Bd1 Kg8 59. Nc6 Qc7 60. Ne7+ Kg7 61.
Bd6 Qc1 62. Qg4 Qe3 63. Rf1 Qe4 64. Qxe4 dxe4 65. g4 Bd7 66. Bc2 Ra8 67. Bxe4
Ra2+ 68. Kg1 Nf8 69. Rc1 Rd2 70. Bc5 f6 71. exf6+ Kxf6 72. Rf1+ Kg7 73. Nc8 Kg8
74. Ne7+ Kh8 75. Bd6 Bg7 76. Be5 Nh7 77. Bxg7+ Kxg7 78. Bxh7 Rxd4 79. Bg6 Rxg4+
80. Kh2 b4 81. Rf7+ 1-0

[Event "OLSW 1819 SK Frankenthal - SC Caissa Sc"]
[Site "?"]
[Date "2019.01.20"]
[Round "5.4"]
[White "Braun, Peter"]
[Black "Gress, Alexander"]
[Result "1/2-1/2"]
[WhiteElo "2231"]
[BlackElo "2207"]
[PlyCount "92"]
[EventDate "2019.??.??"]

1. Nf3 c5 2. c4 Nf6 3. g3 d5 4. cxd5 Nxd5 5. Bg2 Nc6 6. O-O e5 7. Nc3 Nc7 8. d3
Be7 9. Nd2 Bd7 10. Nc4 f6 11. f4 b5 12. Ne3 Rc8 13. Ned5 Nxd5 14. Nxd5 O-O 15.
Be3 Be6 16. Nxe7+ Nxe7 17. fxe5 Nf5 18. Bf2 fxe5 19. b3 Nd4 20. e3 Nf5 21. Qe2
c4 22. dxc4 bxc4 23. Rfd1 Qf6 24. bxc4 Bxc4 25. Qb2 Qe7 26. Rac1 e4 27. Rc2 Bd3
28. Rxc8 Rxc8 29. Rc1 Rf8 30. Rc3 Nh6 31. h3 Nf7 32. Rb3 Ne5 33. Rb8 Qc5 34.
Rxf8+ Kxf8 35. Kh2 h6 36. Qd4 Qc2 37. Qxe5 Qxf2 38. Qb8+ Kf7 39. Qxa7+ Kg6 40.
Qb6+ Kh7 41. Qe6 Qxe3 42. Qf5+ Kg8 43. Qe6+ Kh8 44. Qc8+ Kh7 45. Qf5+ Kg8 46.
Qe6+ Kh8 1/2-1/2

[Event "OLSW 1819 SK Frankenthal - SC Caissa Sc"]
[Site "?"]
[Date "2019.01.20"]
[Round "5.5"]
[White "Weller, Manuel"]
[Black "Syska, Albert"]
[Result "1-0"]
[WhiteElo "2258"]
[BlackElo "2236"]
[PlyCount "67"]
[EventDate "2019.??.??"]

1. c4 b6 2. Nc3 Bb7 3. d4 e6 4. a3 f5 5. d5 Nf6 6. g3 a5 7. Bg2 Bc5 8. Nh3 O-O
9. O-O Qe8 10. Nb5 Na6 11. Nf4 Rd8 12. b4 axb4 13. axb4 Bxb4 14. Rxa6 Bxa6 15.
Nxc7 Qe7 16. Nxa6 Bd6 17. dxe6 dxe6 18. Qb3 Ne4 19. Qxb6 Rfe8 20. Be3 g5 21.
Nd3 Nc3 22. Qb2 Na4 23. Qc2 f4 24. gxf4 gxf4 25. Nxf4 Qf6 26. Nh3 Qe5 27. Bf4
Qa5 28. Ra1 Bxf4 29. Nxf4 Qe5 30. Rxa4 Qxf4 31. c5 Rd4 32. e3 Rd2 33. Rxf4 Rxc2
34. Bb7 1-0

[Event "OLSW 1819 SK Frankenthal - SC Caissa Sc"]
[Site "?"]
[Date "2019.01.20"]
[Round "5.6"]
[White "Kuehn, Bernd"]
[Black "Czybik, Nils Patrick"]
[Result "0-1"]
[WhiteElo "2024"]
[BlackElo "2160"]
[PlyCount "134"]
[EventDate "2019.??.??"]

1. d4 e6 2. e4 d5 3. Nc3 Nf6 4. Bg5 dxe4 5. Nxe4 Be7 6. Bxf6 gxf6 7. Nf3 f5 8.
Ned2 c5 9. dxc5 Bxc5 10. Bb5+ Bd7 11. Qe2 Bxf2+ 12. Qxf2 Bxb5 13. O-O-O Nd7 14.
Rhe1 Qb6 15. Qh4 Rc8 16. Nb3 Rg8 17. Rd2 Rg7 18. Nbd4 Kf8 19. Nxb5 Qxb5 20. Nd4
Qa5 21. a3 Nc5 22. Rde2 Nd3+ 23. Kb1 Nxe1 24. Nxe6+ fxe6 25. Qf6+ Rf7 26. Qh8+
Ke7 27. Qxc8 e5 28. Qxb7+ Kf6 29. Qb8 Rd7 30. Qf8+ Ke6 31. Qh6+ Kd5 32. c4+
Kxc4 33. Qc6+ Kd3 34. Rf2 Ke3 35. Qxd7 Kxf2 36. Qxf5+ Kxg2 37. Qe4+ Kxh2 38. b4
Qxa3 39. Qxe5+ Kg2 40. Qxe1 Qb3+ 41. Ka1 Qa3+ 42. Kb1 Qd3+ 43. Kb2 h5 44. Qe7
Qd4+ 45. Kb3 h4 46. Qg5+ Kf2 47. Qc5 Qe3+ 48. Ka4 h3 49. Qc2+ Qe2 50. Qf5+ Qf3
51. Qc5+ Kf1 52. Qc1+ Kg2 53. Qd2+ Qf2 54. Qd5+ Qf3 55. Qd2+ Kf1 56. Qc1+ Ke2
57. Qb2+ Ke1 58. Qe5+ Kd2 59. Qd6+ Qd3 60. Qf4+ Kc3 61. Qe5+ Kc2 62. Qc7+ Kb1
63. Qe5 Qa6+ 64. Qa5 Qxa5+ 65. Kxa5 h2 66. Ka6 h1=Q 67. Kxa7 Qc6 0-1

[Event "OLSW 1819 SK Frankenthal - SC Caissa Sc"]
[Site "?"]
[Date "2019.01.20"]
[Round "5.7"]
[White "Grewenig, Jan"]
[Black "Tresch, Lukas"]
[Result "1-0"]
[WhiteElo "2149"]
[BlackElo "2010"]
[PlyCount "115"]
[EventDate "2019.??.??"]

1. e4 e5 2. Nf3 Nc6 3. d4 exd4 4. Nxd4 Nf6 5. Nxc6 bxc6 6. e5 Qe7 7. Qe2 Nd5 8.
c4 Ba6 9. b3 g6 10. f4 d6 11. Qf2 Nb6 12. Be2 dxe5 13. Bb2 Bg7 14. O-O Qe6 15.
Nd2 O-O 16. Ne4 Nd7 17. Rae1 f5 18. Ng5 Qe7 19. Nf3 e4 20. Bxg7 Kxg7 21. Nd4
Bb7 22. Qe3 Rad8 23. Rc1 c5 24. Nb5 c6 25. Nc3 Rfe8 26. Na4 Bc8 27. Rfd1 Nf8
28. Nxc5 Ne6 29. Na4 Qc7 30. g3 c5 31. Rd5 Bb7 32. Rdd1 Nd4 33. Nc3 Qa5 34. Kf2
Kg8 35. Rd2 Rd7 36. Rcd1 Red8 37. Nb5 Qb6 38. b4 Nc2 39. Rxd7 Rxd7 40. Qxc5
Qxc5+ 41. bxc5 e3+ 42. Kf1 Rd2 43. Rxd2 exd2 44. Nxa7 Ne3+ 45. Kf2 d1=Q 46.
Bxd1 Nxd1+ 47. Ke2 Nb2 48. c6 Ba6 49. c7 Nxc4 50. c8=Q+ Bxc8 51. Nxc8 Kf7 52.
Kd3 Na5 53. Kc3 Kf6 54. a4 g5 55. Kb4 Nb7 56. Kb5 gxf4 57. gxf4 Ke6 58. Kb6 1-0

[Event "OLSW 1819 SK Frankenthal - SC Caissa Sc"]
[Site "?"]
[Date "2019.01.20"]
[Round "5.8"]
[White "Huseynov, Ahad"]
[Black "Holle, Cedric"]
[Result "1-0"]
[WhiteElo "2055"]
[BlackElo "2090"]
[PlyCount "63"]
[EventDate "2019.??.??"]

1. e4 e6 2. d4 d5 3. Nd2 Be7 4. Ngf3 Nf6 5. Bd3 c5 6. exd5 Qxd5 7. dxc5 Nc6 8.
O-O O-O 9. Re1 Rd8 10. a3 Bxc5 11. b4 Bb6 12. h3 Bd7 13. Bb2 Rac8 14. Bxf6 gxf6
15. Ne4 Kg7 16. c4 Qh5 17. Nd6 Rb8 18. c5 Bc7 19. Qc1 Bxd6 20. cxd6 Rbc8 21.
Qb2 Rg8 22. b5 e5 23. bxc6 Bxh3 24. Be4 Rxc6 25. Bxc6 bxc6 26. Nxe5 Bxg2 27.
Kxg2 Kh6+ 28. Kf1 Qh3+ 29. Ke2 Qh5+ 30. Kd2 Qg5+ 31. Kd1 fxe5 32. Qd2 1-0

[Event "OLSW 1819 SC Heimbach-Weis-Neuwied - SV"]
[Site "?"]
[Date "2019.01.20"]
[Round "5.1"]
[White "Nasshan, Dennis"]
[Black "Winterberg, Lukas"]
[Result "1/2-1/2"]
[WhiteElo "2312"]
[BlackElo "2381"]
[PlyCount "133"]
[EventDate "2019.??.??"]

1. d4 e6 2. c4 Nf6 3. Nc3 d5 4. cxd5 exd5 5. Bg5 Be7 6. e3 c6 7. Qc2 Nbd7 8.
Bd3 Nh5 9. Bxe7 Qxe7 10. O-O-O g6 11. Kb1 Nb6 12. h3 Be6 13. Nf3 O-O-O 14. Na4
Nxa4 15. Qxa4 Kb8 16. Rc1 Ng7 17. Rc3 Bf5 18. Ne5 Rc8 19. Ra3 Bxd3+ 20. Nxd3 a6
21. Rb3 Ka7 22. Nc5 Rc7 23. Qb4 Ne6 24. Qb6+ Ka8 25. Nxa6 bxa6 26. Qxa6+ Ra7
27. Qxc6+ Rb7 28. Qxd5 Rc8 29. Rd1 Nd8 30. Rdd3 Kb8 31. Rdc3 Qf6 32. f3 Qa6 33.
a3 Rxc3 34. Rxc3 Qb6 35. b4 Ne6 36. Rc6 Qb5 37. Qxb5 Rxb5 38. Kb2 Kb7 39. Rc2
f5 40. Rd2 Rd5 41. Kc3 Rd8 42. e4 fxe4 43. fxe4 Rc8+ 44. Kd3 Nf4+ 45. Ke3 g5
46. Kf3 Rf8 47. Kg4 Re8 48. g3 h5+ 49. Kxg5 Nxh3+ 50. Kf5 Rf8+ 51. Kg6 Rg8+ 52.
Kxh5 Rxg3 53. Kh4 Ng5 54. Kxg3 Nxe4+ 55. Kf4 Nxd2 56. Kf5 Nf3 57. d5 Kc7 58. a4
Kd6 59. Ke4 Ne5 60. a5 Nd7 61. Kd4 Nf6 62. Kc4 Nxd5 63. a6 Nc7 64. b5 Nxb5 65.
Kxb5 Kc7 66. a7 Kb7 67. a8=N 1/2-1/2

[Event "OLSW 1819 SC Heimbach-Weis-Neuwied - SV"]
[Site "?"]
[Date "2019.01.20"]
[Round "5.2"]
[White "Boidman, Yuri"]
[Black "Heider, Martin"]
[Result "0-1"]
[WhiteElo "2340"]
[BlackElo "2405"]
[PlyCount "140"]
[EventDate "2019.??.??"]

1. Nf3 Nf6 2. d4 e6 3. Bg5 c5 4. c3 Nc6 5. Nbd2 cxd4 6. cxd4 h6 7. Bh4 Qb6 8.
Bxf6 gxf6 9. e3 Qxb2 10. Be2 d5 11. O-O Bg7 12. Ne1 Qa3 13. Nd3 Qd6 14. g3 e5
15. Bg4 f5 16. Bh3 exd4 17. exd4 Bxd4 18. Re1+ Be6 19. Rb1 O-O-O 20. Qc2 h5 21.
Nb3 Bb6 22. a4 Kb8 23. Qd2 h4 24. Bg2 hxg3 25. hxg3 Qxg3 26. Kf1 Qh2 27. a5
Rdg8 28. Bf3 Rg1+ 29. Ke2 Rxe1+ 30. Qxe1 Bd4 31. Qd2 Re8 32. Kd1 Qd6 33. Nxd4
Nxd4 34. Qb2 Qa6 35. Qxd4 Qxa5 36. Ne5 Rc8 37. Ra1 Qc5 38. Qxc5 Rxc5 39. Rc1
Ra5 40. Bh5 f6 41. Bf7 fxe5 42. Bxe6 a6 43. Rc8+ Ka7 44. Bxf5 Kb6 45. Re8 e4
46. Re7 Rc5 47. Kd2 a5 48. Re8 Kb5 49. Rb8 Kb6 50. Rd8 Kc7 51. Ra8 Kd6 52. Re8
a4 53. Re6+ Kc7 54. Re8 b5 55. Ke3 Rc4 56. Be6 Kd6 57. Bg8 Rc3+ 58. Ke2 Rd3 59.
f4 a3 60. f5 b4 61. Rd8+ Ke5 62. f6 Kxf6 63. Rxd5 Rxd5 64. Bxd5 Ke5 65. Bf7 Kd4
66. Kd2 e3+ 67. Kc2 e2 68. Kd2 e1=Q+ 69. Kxe1 Kc3 70. Kd1 b3 0-1

[Event "OLSW 1819 SC Heimbach-Weis-Neuwied - SV"]
[Site "?"]
[Date "2019.01.20"]
[Round "5.3"]
[White "Feldmann, Johannes"]
[Black "Schulz, Klaus-Juergen"]
[Result "1/2-1/2"]
[WhiteElo "2212"]
[BlackElo "2332"]
[PlyCount "37"]
[EventDate "2019.??.??"]

1. c4 c5 2. Nf3 Nc6 3. d4 cxd4 4. Nxd4 g6 5. e4 Bg7 6. Be3 Nf6 7. Nc3 Ng4 8.
Qxg4 Bxd4 9. Bxd4 Nxd4 10. O-O-O e5 11. Qg3 d6 12. f4 f6 13. h4 Be6 14. b3 Rc8
15. Kb2 a6 16. Ne2 Nc6 17. Nc3 Nd4 18. Ne2 Nc6 19. Nc3 1/2-1/2